El joven Basañes : textos 1961-1965 : la agenda inconclusa del cooperativismo argentino /
Guardado en:
| Autor Principal: | |
|---|---|
| Formato: | Libro |
| Idioma: | Spanish |
| Publicado: |
Ciudad Autónoma de Buenos Aires :
Intercoop Editora Cooperativa Ltda,
[2019]
|
| Materias: | |
| Etiquetas: |
Agregar Etiqueta
Sin Etiquetas, Sea el primero en etiquetar este registro!
|
| LEADER | 01113cam a2200289 a 4500 | ||
|---|---|---|---|
| 001 | EAD.ead004584 | ||
| 008 | 210420s2019####ag#a#####b####000#0#spa#d | ||
| 005 | 20220905132006.0 | ||
| 245 | 1 | 3 | |a El joven Basañes : |b textos 1961-1965 : la agenda inconclusa del cooperativismo argentino / |c Carlos César Basañes (h). |
| 264 | 1 | |a Ciudad Autónoma de Buenos Aires : |b Intercoop Editora Cooperativa Ltda, |c [2019] | |
| 300 | |a 204 páginas : |b ilustraciones ; |c 21 cm. | ||
| 336 | |a text |2 rdacontent | ||
| 337 | |a unmediated |2 rdamedia | ||
| 338 | |a volume |2 rdacarrier | ||
| 500 | |a "Anexos": páginas 161-201. | ||
| 504 | |a Incluye referencias bibliográficas (páginas 202-204). | ||
| 020 | |a 9789871596454 | ||
| 100 | 1 | |a Basañes, Carlos César, |d 1962- |e author. | |
| 043 | |a s-ag--- | ||
| 650 | 7 | |a Cooperativismo. |2 isoc | |
| 650 | 7 | |a Biografía. |2 unbist | |
| 651 | 7 | |a Argentina. |2 unbist | |
| 600 | 1 | 0 | |a Basañes, Juan Carlos, |d 1935-2018. |
| 010 | |a 2020383461 | ||
| 040 | |a AR-BaFGC |b eng |e rda |c AR-BaFGC |d DLC | ||
| 050 | 0 | 0 | |a HD3468 |b .B37 2019 |
| 859 | |a AR-BaBDC |b BIB. ADMINISTRACION GABCOOP - Libros |h 334.092 |i B29 |p g01494 | ||
